| 000 | 01022nas a2200325 4500 | ||
|---|---|---|---|
| 001 | BR2017002354 | ||
| 003 | BR-BrBNA | ||
| 005 | 20231205131057.0 | ||
| 007 | ta | ||
| 008 | 230509b bl.|||p| |||| 00| 00por d | ||
| 040 |
_aBR-BrBNA _bpor _cBiblioteca Nacional de Agricultura |
||
| 041 | _a(En) | ||
| 072 | _aF04 | ||
| 100 | 1 | _aClemente, P.R.A. | |
| 100 | 1 | _aBezerra, B.K.L. | |
| 100 | 1 | _aSilva, V.S.G. da | |
| 100 | 1 | _aSantos, J.C.M. dos | |
| 100 | 1 | _aEndres, L. | |
| 245 | 1 | _aRoot growth and yield of sugarcane as a function of increasing gypsum doses | |
| 650 | _aCANA DE AÇÚCAR | ||
| 650 | _aSISTEMA RADICULAR | ||
| 650 | _aSOLO | ||
| 650 | _aPROPRIEDADE FÍSICO-QUÍMICA | ||
| 650 | _aGESSO | ||
| 650 | _aPRODUTIVIDADE | ||
| 773 | 0 |
_tPesquisa Agropecuária Tropical (Brazil) _xISSN 1983-4063 _g(Jan-Mar 2017), v. 47(1) p. 110-117 _wBR2017002354 |
|
| 856 | 4 | 0 | _uhttp://www.scielo.br/pdf/pat/v47n1/1983-4063-pat-47-01-0110.pdf |
| 909 |
_a202311 _bLúcia _c55 _dLúcia Elande |
||
| 942 |
_2AGRIS _n0 _cANA |
||
| 999 |
_c252907 _d252907 |
||